Estrategia de empresa y recursos humanos: una visión dinámica de la empresa

Kaydedildi:
Detaylı Bibliyografya
Yazar: Elorduy Mota, Juan Ignacio (Yazar)
Materyal Türü: Kitap
Dil:İspanyolca
Baskı/Yayın Bilgisi: Madrid McGraw-Hill 1993
Edisyon:1a. ed
Seri Bilgileri:Serie McGraw-Hill de Management
Konular:
Etiketler: Etiketle
Etiket eklenmemiş, İlk siz ekleyin!

MARC

LEADER 00000cam a2200000 a 4500
001 UCY2967
003 CL-VaPUC
008 941205e19930000SP |||||||||||||||||spa|d
020 |a 8448100905 
082 0 4 |a 658.3  |b ELO  |2 21 
100 0 |a Elorduy Mota, Juan Ignacio  |e author  |9 331146 
245 1 0 |a Estrategia de empresa y recursos humanos: una visión dinámica de la empresa 
250 |a 1a. ed 
300 |a 184 p 
942 |c BK 
945 |d 19941205 00:00:00  |a mfernand 
260 |a Madrid  |b McGraw-Hill  |c 1993 
650 0 |a Administración del personal  |9 260442 
650 0 |a Cambio organizacional   |9 260741 
650 7 |a MANO DE OBRA  |2 CL-VaPUC  |9 315053 
650 0 |a Recursos humanos   |9 228420 
650 0 |a Administración de empresas   |9 260833 
583 |a last modification  |c 20170814 10:35:42  |k Rodrigo Vera 
490 0 |a Serie McGraw-Hill de Management 
999 |c 231223  |d 231221 
952 |0 0  |1 0  |4 0  |6 658_300000000000000_ELO_1993  |7 0  |8 A  |9 234221  |a BIBENE  |b BIBENE  |d 2019-11-15  |i 3041581  |o 658.3 ELO 1993  |p 3041581  |r 2025-01-15  |w 2019-11-15  |y BK  |k ICO 
952 |0 0  |1 0  |4 0  |6 658_300000000000000_ELO_1993  |7 0  |8 A  |9 234222  |a BIBGIM  |b BIBGIM  |d 2019-11-15  |i 3206785  |l 1  |o 658.3 ELO 1993  |p 3206785  |r 2025-01-15  |s 2023-06-08  |w 2019-11-15  |y BK  |k SSL 
952 |0 0  |1 0  |4 0  |6 658_300000000000000_ELO_1993  |7 0  |8 A  |9 234223  |a BIBGIM  |b BIBGIM  |d 2019-11-15  |i 3260348  |o 658.3 ELO 1993  |p 3260348  |r 2025-01-15  |w 2019-11-15  |y BK  |k SSL 
952 |0 0  |1 0  |4 0  |6 658_300000000000000_ELO_1993  |7 0  |8 A  |9 234224  |a BIBGIM  |b BIBGIM  |d 2019-11-15  |i 3260356  |l 1  |o 658.3 ELO 1993  |p 3260356  |r 2025-01-15  |s 2023-06-05  |w 2019-11-15  |y BK  |k SSL 
952 |0 0  |1 0  |3 erb  |4 0  |6 658_300000000000000_ELO_1993  |7 0  |8 A  |9 234225  |a BIBEDU  |b BIBEDU  |i 5414830  |o 658.3 ELO 1993  |p 5414830  |r 2019-11-15  |w 2019-11-15  |y BK  |z Catalogado en:20170818  |k PSI